
Library Catalogue

| 000 -LEADER | |
|---|---|
| fixed length control field | 01052cam a22002894a 4500 |
| 001 - CONTROL NUMBER | |
| control field | 13173958 |
| 005 - DATE AND TIME OF LATEST TRANSACTION | |
| control field | 20260322095339.0 |
| 008 - FIXED-LENGTH DATA ELEMENTS--GENERAL INFORMATION | |
| fixed length control field | 030423s2003 enk b 001 0 eng |
| 010 ## - LIBRARY OF CONGRESS CONTROL NUMBER | |
| LC control number | 2003051552 |
| 020 ## - INTERNATIONAL STANDARD BOOK NUMBER | |
| International Standard Book Number | 9780521531832 |
| 035 ## - SYSTEM CONTROL NUMBER | |
| System control number | 13173958 |
| 035 ## - SYSTEM CONTROL NUMBER | |
| System control number | (OCoLC)52152973 |
| 040 ## - CATALOGING SOURCE | |
| Original cataloging agency | DLC |
| Transcribing agency | DLC |
| Modifying agency | J2H |
| -- | C#P |
| -- | EL$ |
| -- | BAKER |
| -- | NLGGC |
| -- | YDXCP |
| -- | OCLCQ |
| -- | LVB |
| -- | UBA |
| -- | OCLCG |
| -- | DLC |
| 042 ## - AUTHENTICATION CODE | |
| Authentication code | pcc |
| 082 ## - DEWEY DECIMAL CLASSIFICATION NUMBER | |
| Classification number | 341 SHA |
| 100 1# - MAIN ENTRY--PERSONAL NAME | |
| Personal name | Shaw, Malcolm N. |
| 245 10 - TITLE STATEMENT | |
| Title | International law / |
| Statement of responsibility, etc. | Malcolm N. Shaw. |
| 250 ## - EDITION STATEMENT | |
| Edition statement | 5th ed. |
| 260 ## - PUBLICATION, DISTRIBUTION, ETC. | |
| Place of publication, distribution, etc. | Cambridge : |
| Name of publisher, distributor, etc. | Cambridge University Press, |
| Date of publication, distribution, etc. | 2003. |
| 300 ## - PHYSICAL DESCRIPTION | |
| Extent | cxlv, 1288 p. ; |
| Dimensions | 23 cm. |
| 650 #0 - SUBJECT ADDED ENTRY--TOPICAL TERM | |
| Topical term or geographic name entry element | International law. |
| 856 41 - ELECTRONIC LOCATION AND ACCESS | |
| Materials specified | Table of contents |
| Uniform Resource Identifier | <a href="http://www.loc.gov/catdir/toc/cam032/2003051552.html">http://www.loc.gov/catdir/toc/cam032/2003051552.html</a> |
| 906 ## - LOCAL DATA ELEMENT F, LDF (RLIN) | |
| a | 7 |
| b | cbc |
| c | orignew |
| d | 1 |
| e | ocip |
| f | 20 |
| g | y-gencatlg |
| 942 ## - ADDED ENTRY ELEMENTS (KOHA) | |
| Source of classification or shelving scheme | Dewey Decimal Classification |
| Koha item type | BOOKs |
| Withdrawn status | Lost status | Damaged status | Not for loan | Home library | Current library | Shelving location | Date acquired | Cost, normal purchase price | Total Checkouts | Full call number | Barcode | Date last seen | Price effective from | Koha item type | Date last checked out |
|---|---|---|---|---|---|---|---|---|---|---|---|---|---|---|---|
| . | . | Old Edition Books Section | 30.05.2017 | 525.00 | 341 SHA-1 | 19699 | 30.05.2017 | 30.05.2017 | BOOKs | ||||||
| . | . | Old Edition Books Section | 30.05.2017 | 525.00 | 341 SHA-2 | 19700 | 30.05.2017 | 30.05.2017 | BOOKs | ||||||
| . | . | 30.05.2017 | 525.00 | 341 SHA-3 | 19701 | 14.06.2024 | 30.05.2017 | BOOKs | |||||||
| . | . | Old Edition Books Section | 30.05.2017 | 525.00 | 341 SHA-4 | 19702 | 30.05.2017 | 30.05.2017 | BOOKs | ||||||
| . | . | Library Compactors | 30.05.2017 | 525.00 | 1 | 341 SHA-5 | 22925 | 02.06.2022 | 30.05.2017 | BOOKs | 01.06.2022 | ||||
| . | . | NAB Compactor | 30.05.2017 | 525.00 | 2 | 341 SHA-6 | 22926 | 13.08.2019 | 30.05.2017 | BOOKs | 06.06.2019 | ||||
| . | . | NAB Compactor | 30.05.2017 | 525.00 | 1 | 341 SHA-7 | 22927 | 01.06.2022 | 30.05.2017 | BOOKs | 31.05.2022 |